| 000 | 00775nam a2200277Ia 4500 | ||
|---|---|---|---|
| 003 | OSt | ||
| 005 | 20220925185702.0 | ||
| 006 | a|||||r|||| 00| 0 | ||
| 007 | ta | ||
| 008 | 220923b |||||||| |||| 00| 0 eng d | ||
| 037 | _cGeneral Book | ||
| 040 |
_aRTL _cRTL _beng |
||
| 041 |
_2eng _aeng |
||
| 082 | _aXxM83:g, N4 | ||
| 100 | _aShionoya Yuichi | ||
| 245 | 0 | _aSchumpeter in the history of ideas | |
| 260 |
_aAnn Arbor _bUniversity of Michigan Press _c1994 |
||
| 300 |
_a135p _ccm. |
||
| 500 | _aBibliography chapterwise | ||
| 650 |
_a Schumpter _9235439 |
||
| 650 |
_a Schumpter _9235439 |
||
| 650 | _aEconomics | ||
| 700 | _a Perlman Mark | ||
| 942 |
_hXxM83:g, N4 _cGB _2CC |
||
| 999 |
_c511814 _d511814 |
||